| 000 | 00307nam a2200121 i 4500 | ||
|---|---|---|---|
| 001 | bg | ||
| 100 | 1 |
_aSZTYBER, Władysław _bBogdan |
|
| 245 | 0 |
_aSystem cen w gospodarce socjalistycznej / _cWładysław Sztyber. |
|
| 040 | _cBPK | ||
| 041 | _apol | ||
| 942 | _cKS | ||
| 008 | s pl f |000 0 pol | ||
| 999 |
_c21459 _d21459 |
||
| 856 |
_uhttp://koha.tu.koszalin.pl/cgi-bin/koha/opac-detail.pl?biblionumber=21459 _yKatalog online BPK |
||